| 000 | 02832nam1a2200361 i 4500 | ||
|---|---|---|---|
| 001 | RU\NLR\BIBL_A\010954922 | ||
| 005 | 20260405200428.0 | ||
| 010 |
_a9785735201397 _9100 |
||
| 021 |
_aRU _b15-55508 |
||
| 035 | _a(NLR Aleph) 010954922 | ||
| 090 |
_a10787205 _c10787205 |
||
| 100 | _a20150901g20159999km y0rusy50 ca | ||
| 101 | 0 | _arus | |
| 102 | _aRU | ||
| 105 | _ay|||||||||||| | ||
| 200 | 1 |
_aЗоотехническая наука в условиях современных вызовов _eсборник статей научно-практической конференции с международным участием, посвященной 85-летию со дня рождения Льва Константиновича Эрнста и 85-летию подготовки зоотехников в Вятской государственной сельскохозяйственной академии, 14-15 мая 2015 г. _f[редкол.: В. А. Сысуев и др.] |
|
| 210 |
_aКиров _cВятская ГСХА _d2015 |
||
| 215 | _d21 | ||
| 300 | _aВ надзаг.: М-во сельского хоз-ва Российской Федерации, Вятская гос. с.-х. акад., Федеральное агентство научных орг., Всероссийский науч.-исслед. ин-т животноводства им. акад. Л. К. Эрнста, Северо-Восточный региональный аграрный науч. центр, Зональный науч.-исслед. ин-т сельского хоз-ва Северо-Востока им. Н. В. Рудницкого | ||
| 309 | _aНумерация книг [1, 2] в изданиях отсутствует. Нумерация присвоена на основе анализа пагинации в книгах | ||
| 320 | _aБиблиогр. в конце ст. | ||
| 600 | 1 |
_aЭрнст _bЛ.К. _f1929 - 2012 _gЛев Константинович _91067786 _3RU\NLR\AUTH\66415310 |
|
| 606 | 1 |
_aЖивотноводство _jСъезды, совещания и т.п _91041356 _3RU\NLR\AUTH\6683124 |
|
| 610 | 0 | _aзоотехническая наука | |
| 686 | 1 | _aП53д(2)Эрнст | |
| 686 | 1 | _aП5я431 | |
| 702 | 1 |
_4340 _7ca _8rus _aСысуев _bВ. А. _f1948- _gВасилий Алексеевич _970982 _3RU\NLR\AUTH\7788054 |
|
| 711 | 1 | 2 |
_a"Зоотехническая наука в условиях современных вызовов", научно-практическая конференция с международным участием _eКиров _f2015 _9480567 _3RU\NLR\AUTH\880407148 |
| 852 |
_aNLR _j2015-3/26657 |
||
| 942 | _cBOOK | ||
| 980 | _aNBR | ||